000 00706nam a22002297a 4500
005 20240530110854.0
008 210928s2021 ua f 000 fdara d
017 _a2021/8171
_bمصر. دار الكتب
020 _a978977490609
040 _aEG-CaGPL
_cEG-CaGPL
082 0 4 _221
_a813.03/
_bم هـ
100 0 _aمحمد توفيق
245 1 0 _aهمس العقرب :
_bرواية /
_cمحمد توفيق
250 _aط.1
260 _aالقاهرة :
_bدار العين للنشر،
_c2021.
300 _a371 ص. ؛
_c22 سم.
650 0 7 _2qrmak
_aالادب العربى
650 0 7 _2qrmak
_aالقصص العربية
651 _2qrmak
942 _2ddc
_cBK
999 _c66010
_d66010